LEADER 02370nam0 22004213i 450 001 CAGE003445 005 20170908093311.0 012 $ae-is 6.r- ueb- DApe (3) 1754 (R)$2fei 100 $a20070608d1754 ||||0itac50 ba 101 | $afre 102 $ade 181 1$6z01$ai $bxxxe 182 1$6z01$an 200 1 $aRecherches sur l'usage des feuilles dans les plantes, et sur quelques autres sujets relatifs a' l'histoire de la vegetation. Par Charles Bonnet ... 210 $aA Gottingue & Leide$cchez Elie Luzac, fils. Imp.-lib.$d1754 215 $aVII, [1], 343, [1] p., XXXI c. di tav.$cill. calcogr.$d4ยบ 300 $aSegn.: [ast]4 A-2V4 300 $aTavole calcogr. incise da Jan Wandelaar e da Jacob van der Schley 300 $aSul front. vignetta calcogr. (Apollo: Per me quod eritque fuitque estque patet), incisa dallo stesso Wandelaar nel 1753 300 $aFront. stampato in rosso e nero. 316 $a1 v. - Timbro RB sul front.$5IT-NA0079, SALA FARN.28. E 0036 620 $aDE$dGottinga$3CFIL001267 700 1$aBonnet$b, Charles$f <1720-1793>$3UFIV065875$4070$068999 702 1$aSchley$b, Jacob : van der$f <1715-1779>$3TO0V392208$4350 702 1$aWandelaar$b, Jan$f <1690-1759>$3UBOV671720$4350 712 02$aLuzac, Elie$f <1745-1799>$3PUVV179116$4650 790 1$aSchley$b, Jakob : van der$3BVEV135799$zSchley, Jacob : van der <1715-1779> 790 1$aSchley$b, Jakob : van$3BVEV135800$zSchley, Jacob : van der <1715-1779> 791 02$aLuzac, Elias$3MILV296049$zLuzac, Elie <1745-1799> 801 3$aIT$bIT-NA0079$c20070608 850 $aIT-NA0079 899 1$aBiblioteca Nazionale Vittorio Emanuele III$bNA0079$eS$uhttp://books.google.com/books?vid=IBNN:BNA01001456012 912 $aCAGE003445 950 0$aBiblioteca Nazionale Vittorio Emanuele III$c1 v.$d BNSALA FARN.28. E 0036$e BNA010014560125 B 1 v. - Timbro RB sul front.$fC $h20070608$i20070608 956 $aBiblioteca Nazionale Vittorio Emanuele III$b1$cBNTD$d$eBNA01001456012$uhttp://books.google.com/books?vid=IBNN:BNA01001456012$z BNSALA FARN.28. E 0036 977 $a BN 996 $aRecherches sur l'usage des feuilles dans les plantes, et sur quelques autres sujets relatifs a' l'histoire de la vegetation. Par Charles Bonnet ..$91485215 997 $aUNISANNIO LEADER 01858nam 2200373Ia 450 001 996386698203316 005 20221108081314.0 035 $a(CKB)4940000000082031 035 $a(EEBO)2240954089 035 $a(OCoLC)15597930 035 $a(EXLCZ)994940000000082031 100 $a19870427d1660 uy | 101 0 $aeng 135 $aurbn||||a|bb| 200 12$aA copy of the presentment and indictment found and exhibited by the Grand-Jury of Middlesex$b[electronic resource] $ein the Upper Bench at Westminster, on the last day of Killary term, 1659 : against Collonel Matthew Alured, Collonel John Okey, (the Captains of the Gards) and Edmond Cooper (one of the door keepers) for assaulting and keeping Sir Gilbert Gerrard Baronet, one of the knights of the shire for their county, by force and arms out of the Commons House of Parliament, on the 27 [th] day of December last, when 21 members more were in like sort secluded and kept out of the House by them, which will serve as a president for other counties, and secluders of other members 210 $aLondon $cPrinted for Edward Thomas ...$d1660 215 $a1 broadside 300 $aReproduction of original in the Society of Antiquaries Library, London. 330 $aeebo-0147 607 $aGreat Britain$xHistory$yCommonwealth and Protectorate, 1649-1660 607 $aGreat Britain$xPolitics and government$y1649-1660 700 $aAlured$b Matthew$01001411 701 $aOkey$b John$fd. 1662.$01001410 701 $aCooper$b Edmond$01009293 712 02$aWestminster (Middlesex).$bGrand Jury. 801 0$bEAE 801 1$bEAE 801 2$bm/c 801 2$bUMI 801 2$bWaOLN 906 $aBOOK 912 $a996386698203316 996 $aA copy of the presentment and indictment found and exhibited by the Grand-Jury of Middlesex$92415147 997 $aUNISA